| 000 | 00865 a2200205 4500 | ||
|---|---|---|---|
| 999 |
_c8696 _d8696 |
||
| 020 | _a1859411346 | ||
| 050 | 1 | 4 | _aK 325 MOR 1997 |
| 100 | 1 | _aMorrison, Wayne. | |
| 245 | 1 | 0 |
_aJurisprudence : _bfrom the Greeks to post-modernism / _cWayne Morrison. |
| 264 |
_aNew York: _bRoutledge, _c1997 |
||
| 300 | _axix, 576 p. ; | ||
| 500 | _aIncludes bibliographical references (p. 525-543) and index. | ||
| 504 | _aIncludes bibliographical references (p. 525-543) and index. | ||
| 650 | 0 |
_aJurisprudence _xHistory. |
|
| 650 | 0 |
_aLaw _xPhilosophy _xHistory. |
|
| 856 | 4 | 2 |
_3Publisher description _uhttp://www.loc.gov/catdir/description/cav051/97161581.html |
| 856 | 4 | 2 |
_3Contributor biographical information _uhttp://www.loc.gov/catdir/bios/cav051/97161581.html |
| 856 | 4 | 1 |
_3Table of contents _uhttp://www.loc.gov/catdir/toc/cav051/97161581.html |
| 942 |
_2lcc _cBK _h325 _iMOR _kK |
||